00802nam a2200217Ia 4500003000900000008004100009020001800050040001600068080002200084245015100106260004000257300001300297650004100310650002300351650002600374650002800400700003600428942000700464999001500471952009800486IN-BaIIA211028s9999 xx 000 0 eng d a0-89490-028-5 cIIA Library a524.3(035)bJON-2 0aWebb society deep-sky observer's handbookbvol. 2, planetary and gaseous nebulaecedited by K.G. Jones  aNew JerseybEnslow Publishersc1979 ax, 149p. aAstronomy and Astrophysics Thesaurus aBinary Stars91185 aGaseous Nebulae92296 aPlanetary Nebulae95510 aJones, Kenneth Glyn, ed.912455 cBK c9074d9074 00104070aBANbBANcGENd1987-07-23l0o524.3(035)/ JON-2p9971r2021-11-05w1987-07-23yBK